000 00930nam a22002417a 4500
008 240610b mp ||||| |||| 00| 0 mon d
020 _a978-9919-505-07-3
035 _a45742
040 _aHUV0167120
_bmon
_cMN-UlNLM
_dMN-UlNLM
_erda
041 _amon
042 _a97325
084 _2NNA
_a74.100.5
_bЯ.112
245 0 _aТавтай нойрсоорой
264 _aУлаанбаатар
_bСоёмбо пресс ХГ
_c2020
300 _a13х.
336 _2rdacontent
_atext
_btxt
337 _2rdamedia
_aunmediated
_bn
338 _2rdacarrier
_avolume
_bnc
490 _aЯагаад ?
650 _aХүүхдүүд эцэг эхээсээ 'Яагаад' гэж байнга асуух нь заримдаа тэднийг мухардалд оруулдаг ба хэрэв асуултанд хариулахаас зайлсхийн,...
942 _2NNA
_cBK
999 _c1058894
_d1058951